000 00826nam a2200253Ia 4500
003 OSt
005 20220925181452.0
006 a|||||r|||| 00| 0
007 ta
008 220923b |||||||| |||| 00| 0 eng d
020 _a9781847208637
_c10640.98
037 _b30018, 03/08/2010, Segment Book Distrobutors
_cGeneral Book
040 _aRTL
_cRTL
_beng
041 _2eng
_aeng
082 _aU:(G:55), P7
100 _aVAN DEN BERGH Jeroen C.J.M.
_9253902
245 0 _aEnvironmental planning
260 _aCheltenham
_bEdward Elgar
_c2007
300 _axxv, 636p Bibliography chapterwise
_ccm.
490 _aClassics in Planning
650 _aGeography
942 _hU:(G:55), P7
_cGB
_2CC
999 _c499380
_d499380